Úpravy používania elektronickej a virtuálnej registračnej pokladnice s účinnosťou od 1. júla 2016

Zákon č. 289/2008 Z. z. o používaní elektronickej registračnej pokladnice a o zmene a doplnení zákona SNR č. 511/1992 Zb. o správe daní a poplatkov a o zmenách v sústave územných finančných orgánov v z. n. p. upravuje v § 2 základné pojmy na účely tohto zákona v súvislosti s používaním elektronickej...

ver descrição completa

Na minha lista:
Detalhes bibliográficos
Autor principal: Klabníková, Klára
Formato: Capítulo de Livro
Idioma:eslovaco
Assuntos:
Tags: Adicionar Tag
Sem tags, seja o primeiro a adicionar uma tag!

MARC

LEADER 00000naa a2200000 4500
001 0220821
005 20231208091626.1
041 0 |a slo 
044 |a SK 
245 1 0 |a Úpravy používania elektronickej a virtuálnej registračnej pokladnice s účinnosťou od 1. júla 2016  |c Klára Klabníková 
520 |a Zákon č. 289/2008 Z. z. o používaní elektronickej registračnej pokladnice a o zmene a doplnení zákona SNR č. 511/1992 Zb. o správe daní a poplatkov a o zmenách v sústave územných finančných orgánov v z. n. p. upravuje v § 2 základné pojmy na účely tohto zákona v súvislosti s používaním elektronickej registračnej pokladnice aj virtuálnej registračnej pokladnice. Ilustračné príklady. 
610 2 0 |a správa daňová 
610 2 0 |a správa finančná 
610 2 0 |a zákony 
610 2 0 |a Slovensko 
610 2 0 |a dane z príjmov 
610 2 0 |a dane z hodnoty pridanej 
610 2 0 |a pokladnice registračné 
100 1 |a Klabníková, Klára